LEADER 00860nam a2200229 a 4500 001 000000137617 003 CaOOAMICUS 005 20140228135242.0 008 140228s1946 fr u000 u fre r 040 $aPUL$bita 100 1 $aAmoudru, Bernard.$0(OLS)http://pul/name/88689 245 13$aLe sens religieux du grand siècle /$cpar Bernard Amoudru. 260 $aParis :$bEditions de la Revue des Jeunes,$c1946. 300 $a215 p. ;$c17 cm 490 1 $aInitiations ;$v12 830 0$aInitiations ;$v12.$0(OLS)http://pul/title/76536 850 $aPUL 852 $aPUL$W1$xDP1 Fondo E. Rossi$y115$m7 A 24$j42675$qFondi$B158156$CPULBib$Z2$F158156 $82 941 1 $a1 996 $6245$aLe sens religieux du grand siècle$9(OLS)http://pul/title/174231 996 $6260$aParis :$bEditions de la Revue des Jeunes$9(OLS)http://pul/publisher/77750 LEADER 01354nam a2200301 a 4500 001 000000155286 003 CaOOAMICUS 005 20161019125746.0 008 161019s2016 it d 001 0 ita r 020 $a978-88-6030-863-4* 032 $aLibriCat 040 $aPUL$bita 100 1 $aGazzillo, Francesco.$0(OLS)http://pul/name/72064 245 10$aFidarsi dei pazienti :$bintroduzione alla Control-Mastery Theory /$cFrancesco Gazzillo. 260 $aMilano :$bRaffaello Cortina,$c©2016. 300 $aXXXIV, 380 p. ;$bgrafici ;$c23 cm. 490 1 $aCollana di psicologia clinica e psicoterapia ;$v286 504 $aInclude riferimenti bibliografici ed indice. 650 4$aPsicoterapia.$0(OLS)http://pul/subject/7249 650 4$aPsicopatologia.$0(OLS)http://pul/subject/2603 830 0$aCollana di psicologia clinica e psicoterapia ;$v286.$0(OLS)http://pul/title/12189 850 $aPUL 852 $aPUL$W1$xSL Filosofia 1$y2$m97 S 286$j178351$qStampati$B181569$CPULBib$Z2$F181569 $H128235 $81 941 1 $a8 996 $6020$a978-88-6030-863-4*$9(OLS)http://pul/number/161346 996 $6245$aFidarsi dei pazienti :$bintroduzione alla Control-Mastery Theory$9(OLS)http://pul/title/194930 996 $6260$aMilano :$bRaffaello Cortina$9(OLS)http://pul/publisher/63509